[Event "SGP-ch 74th"]
[Site "Singapore"]
[Date "2023.01.29"]
[Round "3"]
[White "Ho, Xinglun Royce"]
[Black "Yu, Bei Hao"]
[Result "1-0"]
[WhiteElo "2063"]
[BlackElo "1473"]
[PlyCount "103"]
[EventDate "2023.01.27"]
[EventType "swiss"]
[EventRounds "9"]
[EventCountry "SIN"]
[SourceTitle "CBM 212 Extra"]
[Source "ChessBase"]
[SourceDate "2023.03.31"]
[SourceVersion "1"]
[SourceVersionDate "2023.03.31"]
[SourceQuality "1"]

1. e4 c5 2. Nf3 d6 3. d4 cxd4 4. Nxd4 Nf6 5. Nc3 a6 6. Be3 Ng4 7. Bg5 h6 8. Bh4 g5 9. Bg3 Bg7 10. Be2 h5 11. Bxg4 Bxg4 12. f3 h4 13. Bf2 Be6 14. Qd2 Qa5 15. Nd5 Qxd2+ 16. Kxd2 Bxd5 17. exd5 Nd7 18. Rhe1 Be5 19. Nf5 e6 20. dxe6 fxe6 21. Nd4 Kf7 22. c4 Bxh2 23. Nxe6 Rh5 24. b3 Be5 25. Nd4 h3 26. g4 Rh7 27. Rh1 h2 28. Be3 Kg6 29. Raf1 Re8 30. Nf5 Nc5 31. Rd1 Rh3 32. Ke2 Re6 33. Kf2 Rh7 34. Kg2 Nd7 35. Bf2 Bf4 36. Nd4 Re8 37. Bg3 Bxg3 38. Kxg3 Reh8 39. Nf5 Rh3+ 40. Kg2 Ne5 41. Rxd6+ Kf7 42. Ng3 R3h6 43. Rxh6 Rxh6 44. Nf5 Rh7 45. Rxh2 Rxh2+ 46. Kxh2 Nxf3+ 47. Kg3 Ne5 48. Nd6+ Ke6 49. Ne4 Nd3 50. Nxg5+ Kf6 51. Ne4+ Ke5 52. Nc3 1-0

[Event "SGP-ch 74th"]
[Site "Singapore"]
[Date "2023.01.27"]
[Round "1"]
[White "Ho, Xinglun Royce"]
[Black "Sreekarthika, Velmurugan"]
[Result "1-0"]
[WhiteElo "2063"]
[BlackElo "1438"]
[PlyCount "59"]
[EventDate "2023.01.27"]
[EventType "swiss"]
[EventRounds "9"]
[EventCountry "SIN"]
[SourceTitle "CBM 212 Extra"]
[Source "ChessBase"]
[SourceDate "2023.03.31"]
[SourceVersion "1"]
[SourceVersionDate "2023.03.31"]
[SourceQuality "1"]

1. e4 e5 2. Nf3 Nc6 3. Bc4 Bc5 4. 0-0 Nf6 5. d3 d6 6. c3 a5 7. Bb3 Ba7 8. Nbd2 0-0 9. h3 h6 10. Re1 Ne7 11. Nf1 Ng6 12. Ng3 Re8 13. Nh2 Bd7 14. a4 Bc6 15. Ng4 Nh7 16. Qf3 Qd7 17. Bxh6 Nh4 18. Qe2 Ng6 19. Nh5 Nf4 20. Nxf4 exf4 21. Bxf4 Kh8 22. Ne3 b5 23. Qh5 g6 24. Qh6 bxa4 25. Bg5 Kg8 26. Qxg6+ Kh8 27. Bf6+ Nxf6 28. Qxf6+ Kh7 29. Nf5 Rg8 30. Qh6# 1-0

[Event "Wch FIDE Online U14 Asia qual"]
[Site "Tornelo INT"]
[Date "2020.12.11"]
[Round "1"]
[White "Yoosuf, Waseem Ahmed"]
[Black "Ho, Xinglun Royce"]
[Result "0-1"]
[WhiteElo "1177"]
[BlackElo "1969"]
[PlyCount "112"]
[EventDate "2020.12.11"]
[EventType "swiss (rapid)"]
[EventRounds "7"]
[EventCountry "ISS"]
[SourceTitle "EXT 2022"]
[Source "ChessBase"]
[SourceDate "2021.10.06"]
[SourceVersion "1"]
[SourceVersionDate "2021.10.06"]
[SourceQuality "1"]

1. e4 c5 2. Nf3 Nf6 3. Nc3 d5 4. exd5 Nxd5 5. Bb5+ Bd7 6. Bxd7+ Qxd7 7. 0-0 Nc6 8. Re1 e6 9. Nxd5 Qxd5 10. d3 Be7 11. Be3 Rd8 12. Qe2 0-0 13. Rad1 Bf6 14. c3 b6 15. a3 Rd7 16. d4 cxd4 17. Nxd4 Rfd8 18. Kf1 Na5 19. Rd2 Nc4 20. Rc2 Nxe3+ 21. fxe3 Qe4 22. Rd2 Bg5 23. Qd3 Qxd3+ 24. Rxd3 e5 25. Nf3 Rxd3 26. Nxg5 Rd2 27. Re2 Rd1+ 28. Kf2 R8d2 29. Nf3 Rxe2+ 30. Kxe2 Rb1 31. Nxe5 Rxb2+ 32. Kf3 Rb3 33. c4 Rxa3 34. Nc6 f6 35. h3 Kf7 36. Nd4 a6 37. g3 Rc3 38. Nf5 a5 39. Nd6+ Ke6 40. Nc8 Rb3 41. Na7 a4 42. Nb5 Kf7 43. Nd4 Rc3 44. Nb5 Rb3 45. Nd4 Rb4 46. Nf5 a3 47. Nd6+ Kg6 48. Nb5 a2 49. Nc3 a1Q 50. Ne4 Qf1+ 51. Nf2 Rb2 52. g4 Qxf2+ 53. Ke4 Rd2 54. h4 Qg3 55. h5+ Kg5 56. c5 Qxg4# 0-1

[Event "Pattaya Thailand op 2nd"]
[Site "Pattaya"]
[Date "2019.10.25"]
[Round "1"]
[White "Ho, Xinglun Royce"]
[Black "Saptarshi, Roy Chowdhury"]
[Result "0-1"]
[WhiteElo "1853"]
[BlackElo "2456"]
[PlyCount "64"]
[EventDate "2019.10.23"]
[EventType "swiss"]
[EventRounds "9"]
[EventCountry "THA"]
[SourceTitle "CBM 192 Extra"]
[Source "Chessbase"]
[SourceDate "2019.11.06"]
[SourceVersion "1"]
[SourceVersionDate "2019.11.06"]
[SourceQuality "1"]

1. e4 e5 2. Nf3 Nc6 3. Bc4 Nf6 4. d3 Be7 5. 0-0 0-0 6. a4 d6 7. a5 a6 8. Nc3 h6 9. h3 Kh8 10. Re1 Nh7 11. Nd5 f5 12. c3 f4 13. d4 Ng5 14. Nxg5 Bxg5 15. Qh5 Kh7 16. Rd1 g6 17. Qf3 Bd7 18. b3 h5 19. Bb2 Bh6 20. Nb4 Bg7 21. Nxc6 Bxc6 22. Bd3 Qh4 23. dxe5 Bxe5 24. Be2 Rae8 25. Re1 Kh6 26. Bf1 g5 27. Bc1 g4 28. hxg4 hxg4 29. Qd3 Kg7 30. Bxf4 Rh8 31. Bxe5+ dxe5 32. f4 g3 0-1

[Event "Johor op 5th"]
[Site "Johor"]
[Date "2018.12.14"]
[Round "7"]
[White "Aris, TLS"]
[Black "Ho, Xinglun Royce"]
[Result "1-0"]
[WhiteElo "2094"]
[BlackElo "1759"]
[PlyCount "51"]
[EventDate "2018.12.10"]
[EventType "swiss"]
[EventRounds "9"]
[EventCountry "MAS"]
[SourceTitle "CBM 187 Extra"]
[Source "ChessBase"]
[SourceDate "2018.11.04"]
[SourceVersion "1"]
[SourceVersionDate "2018.11.04"]
[SourceQuality "1"]

1. d4 Nf6 2. Bf4 g6 3. Nc3 d5 4. Qd2 Bg7 5. Nf3 0-0 6. Bh6 b6 7. Bxg7 Kxg7 8. Ne5 Bb7 9. f3 Nbd7 10. 0-0-0 e6 11. h4 h5 12. Qf4 c5 13. e3 cxd4 14. exd4 Rc8 15. Bd3 a6 16. g4 Qc7 17. Rhg1 Nxe5 18. dxe5 Nd7 19. Rde1 d4 20. gxh5 dxc3 21. Bxg6 cxb2+ 22. Kb1 f6 23. Bd3+ Kf7 24. Qh6 Bd5 25. exf6 Qc5 26. Qg6# 1-0

[Event "Johor op 5th"]
[Site "Johor"]
[Date "2018.12.11"]
[Round "3"]
[White "Ho, Xinglun Royce"]
[Black "Di, Xu Wei"]
[Result "0-1"]
[WhiteElo "1759"]
[BlackElo "1947"]
[PlyCount "104"]
[EventDate "2018.12.10"]
[EventType "swiss"]
[EventRounds "9"]
[EventCountry "MAS"]
[SourceTitle "CBM 187 Extra"]
[Source "ChessBase"]
[SourceDate "2018.11.04"]
[SourceVersion "1"]
[SourceVersionDate "2018.11.04"]
[SourceQuality "1"]

1. e4 c5 2. Nf3 Nc6 3. d4 cxd4 4. Nxd4 g6 5. c4 Bg7 6. Be3 Nf6 7. Nc3 d6 8. Be2 0-0 9. f3 Bd7 10. 0-0 Nxd4 11. Bxd4 Bc6 12. Qd2 a5 13. b3 Qc7 14. Rac1 Rfc8 15. Rfd1 Qd8 16. Be3 Nd7 17. Nd5 Rab8 18. a3 Nc5 19. Qa2 b6 20. b4 axb4 21. axb4 Ra8 22. Qb1 Ra1 23. Qxa1 Bxa1 24. bxc5 Bg7 25. Nxb6 Rb8 26. cxd6 exd6 27. c5 Bf8 28. Nc4 Bb5 29. cxd6 Qf6 30. Rb1 Rb7 31. Bf1 Qe6 32. Na5 Rd7 33. Bxb5 Rxd6 34. Nc4 Rxd1+ 35. Rxd1 Qc8 36. Ne5 Bc5 37. Nc4 Bxe3+ 38. Nxe3 Qc5 39. Kf2 Qxb5 40. Nd5 Qb2+ 41. Kg3 Qe5+ 42. Kh3 h5 43. Re1 Kg7 44. g3 Qb2 45. f4 Qf2 46. Rd1 Qf3 47. Re1 Qf2 48. Rd1 Qe2 49. Rd4 Qf1+ 50. Kh4 Qf2 51. Rd3 Qxh2+ 52. Kg5 Qe2 0-1

[Event "Penang op 10th"]
[Site "Penang"]
[Date "2018.12.07"]
[Round "8"]
[White "Ho, Xinglun Royce"]
[Black "Shubh, Kapur"]
[Result "1/2-1/2"]
[WhiteElo "1759"]
[BlackElo "1579"]
[PlyCount "75"]
[EventDate "2018.12.03"]
[EventType "swiss"]
[EventRounds "9"]
[EventCountry "MAS"]
[SourceTitle "CBM 187 Extra"]
[Source "ChessBase"]
[SourceDate "2018.11.04"]
[SourceVersion "1"]
[SourceVersionDate "2018.11.04"]
[SourceQuality "1"]

1. e4 c5 2. Nf3 Nc6 3. d4 cxd4 4. Nxd4 Nf6 5. Nc3 e5 6. Ndb5 d6 7. Bg5 a6 8. Na3 b5 9. Nd5 Be7 10. Bxf6 Bxf6 11. c3 0-0 12. Nc2 Bg5 13. h4 Bh6 14. a4 bxa4 15. Rxa4 a5 16. b4 Be6 17. b5 Ne7 18. c4 Bxd5 19. cxd5 Qb6 20. Bd3 f5 21. Qe2 fxe4 22. Bxe4 Qc5 23. 0-0 Rab8 24. Na3 Kh8 25. Qd3 Ra8 26. Rc4 Qb6 27. Bxh7 Rxf2 28. Rxf2 Rf8 29. Rcc2 Be3 30. Qf1 Kxh7 31. Nc4 Bxf2+ 32. Rxf2 Qd4 33. Nxa5 Nxd5 34. Nc6 Qe3 35. Qe2 Qxf2+ 36. Qxf2 Rxf2 37. Kxf2 Kg6 38. g4 1/2-1/2

[Event "Penang op 10th"]
[Site "Penang"]
[Date "2018.12.05"]
[Round "4"]
[White "Ho, Xinglun Royce"]
[Black "Chin, Fong Stephen"]
[Result "1/2-1/2"]
[WhiteElo "1759"]
[BlackElo "2032"]
[PlyCount "75"]
[EventDate "2018.12.03"]
[EventType "swiss"]
[EventRounds "9"]
[EventCountry "MAS"]
[SourceTitle "CBM 187 Extra"]
[Source "ChessBase"]
[SourceDate "2018.11.04"]
[SourceVersion "1"]
[SourceVersionDate "2018.11.04"]
[SourceQuality "1"]

1. e4 d6 2. d4 Nf6 3. Nc3 Nbd7 4. Be3 e5 5. d5 Be7 6. f3 b6 7. Qd2 Nc5 8. 0-0-0 Bd7 9. g4 a6 10. Nge2 b5 11. Ng3 g6 12. h4 h5 13. g5 Nh7 14. f4 exf4 15. Bxf4 Bg4 16. Be2 Qd7 17. e5 0-0 18. Nce4 Nxe4 19. Nxe4 dxe5 20. Bxe5 Bxe2 21. Qxe2 Rae8 22. Qh2 Qf5 23. Rde1 Bb4 24. Nc3 Bxc3 25. Bxc3 Qxd5 26. Qxc7 Qxa2 27. b3 Qa3+ 28. Bb2 Qb4 29. Ref1 Re7 30. Qb6 Rfe8 31. Kb1 Re6 32. Qa7 R8e7 33. Qa8+ Nf8 34. Qd8 Re2 35. Qb6 R7e6 36. Qc7 Re7 37. Qb6 R7e6 38. Qc7 1/2-1/2